| 000 | 00772nam a22002297a 4500 | ||
|---|---|---|---|
| 999 |
_c17443 _d17443 |
||
| 003 | AR-CdUCM | ||
| 008 | 190508b ||||| |||| 00| 0 spa d | ||
| 040 |
_aMUNICIPALIDAD PROVINCIAL DEL CUSCO _cBIBLIOTECA MUNICIPAL DEL CUSCO |
||
| 041 | _hru | ||
| 082 |
_211ed _a891.43 / _bP291 |
||
| 100 |
_aPasternak, Boris L. _911004 |
||
| 245 | _aEl doctor Jivago / | ||
| 260 |
_aBarcelona : _bNoguer, _c1959. |
||
| 300 |
_a642 páginas ; _c19 cm. |
||
| 505 | _aContenido: Directo de las cinco -- La muchacha de otro medio -- El árbol de navidad de los Sventitski... | ||
| 650 |
_aNovela rusa _912025 |
||
| 650 |
_aMoscú _94830 |
||
| 650 |
_aLiteratura rusa _99988 |
||
| 700 |
_aGutiérrez, Fernando (traducción) _937464 |
||
| 942 |
_2ddc _cLIBROS |
||
| 945 |
_adavv _d2019-05-08 |
||